[Event "Nassau CC-ch"]
[Site "Mineola"]
[Date "2008.11.10"]
[Round "4"]
[White "Shanbhag, Arun N"]
[Black "Mennella, James J"]
[Result "1-0"]
[WhiteElo "1802"]
[BlackElo "2000"]
[PlyCount "95"]
[EventDate "2008.10.20"]
[EventType "swiss"]
[EventRounds "10"]
[EventCountry "USA"]
[SourceTitle "EXT 2010"]
[Source "ChessBase"]
[SourceDate "2010.11.25"]
[SourceVersion "1"]
[SourceVersionDate "2010.11.25"]
[SourceQuality "1"]

1. d4 d5 2. c4 e6 3. Nc3 Nf6 4. Nf3 Be7 5. e3 Nbd7 6. Bd3 g6 7. 0-0 0-0 8. Qc2 c5 9. cxd5 cxd4 10. Nxd4 exd5 11. Qb3 Nc5 12. Qc2 Nxd3 13. Qxd3 Bd7 14. Bd2 a6 15. Rac1 Rc8 16. Rfd1 Qb6 17. Rb1 Qd6 18. Be1 Ng4 19. g3 Ne5 20. Qf1 Nc6 21. Qg2 Be6 22. Nxe6 fxe6 23. a3 Ne5 24. Kh1 Nf3 25. Ne2 Nxe1 26. Rxe1 Rc2 27. Nf4 Bf6 28. Re2 Rfc8 29. Rxc2 Rxc2 30. Nd3 Qb6 31. Qf3 Kg7 32. Qd1 Qb3 33. Nc5 Qc4 34. Nxe6+ Kf7 35. b3 Qc6 36. Nd4 Bxd4 37. Qxd4 Rxf2 38. Rd1 Qc2 39. Qxd5+ Kf6 40. Qd4+ Kf7 41. Qd7+ Kf6 42. Qd8+ Kf7 43. Qd7+ Kf6 44. Rd6+ Kg5 45. Qe7+ Kh6 46. Qh4+ Kg7 47. Rd7+ Kg8 48. Qxh7+ 1-0

[Event "Nassau CC-ch"]
[Site "Mineola"]
[Date "2007.11.05"]
[Round "4"]
[White "Shanbhag, Arun N"]
[Black "Masino, Matthew"]
[Result "1/2-1/2"]
[WhiteElo "1725"]
[BlackElo "1666"]
[PlyCount "80"]
[EventDate "2007.10.15"]
[EventType "swiss"]
[EventRounds "10"]
[EventCountry "USA"]
[SourceTitle "EXT 2009"]
[Source "ChessBase"]
[SourceDate "2008.11.26"]
[SourceVersion "1"]
[SourceVersionDate "2008.11.26"]
[SourceQuality "1"]

1. d4 d5 2. c4 e6 3. Nc3 c6 4. Nf3 Nf6 5. e3 Be7 6. Bd3 0-0 7. 0-0 Nbd7 8. a3 c5 9. cxd5 exd5 10. dxc5 Nxc5 11. Be2 Bf5 12. Nd4 Bg6 13. b3 Rc8 14. Bb2 a6 15. Rc1 Re8 16. Re1 Nfe4 17. b4 Nxc3 18. Bxc3 Ne4 19. Bb2 Rxc1 20. Qxc1 Qd7 21. Qa1 Bf6 22. b5 Bxd4 23. Bxd4 f6 24. bxa6 bxa6 25. Qb2 Qd6 26. Rc1 Rb8 27. Qa2 Bf7 28. f3 Ng5 29. a4 Ne6 30. Ba7 Re8 31. Qc2 Re7 32. Qc8+ Be8 33. Bc5 Nxc5 34. Qxc5 Qxc5 35. Rxc5 Rxe3 36. Bxa6 Bxa4 37. Rxd5 Bb3 38. Rd8+ Kf7 39. Kf2 Re7 40. Rb8 Be6 1/2-1/2

[Event "Nassau CC-ch"]
[Site "Mineola"]
[Date "2006.12.18"]
[Round "10"]
[White "Shanbhag, Arun N"]
[Black "Masino, Matthew"]
[Result "1-0"]
[WhiteElo "1644"]
[BlackElo "1669"]
[PlyCount "85"]
[EventDate "2006.10.16"]
[EventType "swiss"]
[EventRounds "10"]
[EventCountry "USA"]
[SourceTitle "EXT 2008"]
[Source "ChessBase"]
[SourceDate "2007.11.25"]
[SourceVersion "1"]
[SourceVersionDate "2007.11.25"]
[SourceQuality "1"]

1. e4 e5 2. Nf3 Nc6 3. Bc4 Nf6 4. Nc3 Bc5 5. a3 d6 6. d3 Bg4 7. h3 Bh5 8. g4 Nxg4 9. hxg4 Bxg4 10. Be3 Qf6 11. Nd5 Qxf3 12. Qxf3 Bxf3 13. Rh3 Bxe3 14. fxe3 Bxe4 15. dxe4 0-0-0 16. Nc3 f6 17. Ke2 Ne7 18. Be6+ Kb8 19. Rg1 g6 20. Nd5 Nxd5 21. exd5 e4 22. Rgh1 h5 23. Bf7 Rh6 24. Rg3 g5 25. Rxh5 Rxh5 26. Bxh5 Rh8 27. Bg6 Rh4 28. Bf5 c6 29. c4 Rh2+ 30. Kd1 Rxb2 31. dxc6 bxc6 32. Bxe4 Kc7 33. Bc2 Ra2 34. e4 Kd7 35. Rf3 Ke7 36. Kc1 Ra1+ 37. Bb1 Ke6 38. Kb2 Rxb1+ 39. Kxb1 Ke5 40. Kc2 a6 41. Kd3 c5 42. Rf5+ Ke6 43. Ke3 1-0